[Event "Ciocaltea Memorial"]
[Site "Bucharest"]
[Date "1998.??.??"]
[Round "3"]
[White "Aronian, Levon"]
[Black "Rogozenco, Dorian"]
[Result "1-0"]
[WhiteElo "2455"]
[BlackElo "2495"]
[Annotator "Ribli,Z"]
[PlyCount "115"]
[EventDate "1998.02.??"]
[EventType "tourn"]
[EventRounds "13"]
[EventCountry "ROU"]
[EventCategory "11"]
[SourceTitle "CBM 064"]
[Source "ChessBase"]
[SourceDate "1998.06.02"]
[SourceVersion "1"]
[SourceVersionDate "1998.06.02"]
[SourceQuality "1"]

1. c4 c6 2. Nf3 Nf6 3. g3 g6 (3... d5 4. b3 Qb6 {Das ist Kortschnojs Idee.
Ribli.} 5. Qc2 (5. Bg2 e5 $5 6. O-O (6. Nxe5 $2 Qd4 $17 {[%cal Rd4a1,Rd4e5]})
6... e4 7. Ne1 h5 $13)) 4. b4 {Dieser Zug ist zweischneidiger als 4.b3. Weiß
gewinnt Raum am Damenflügel, schwächt sich aber.} Bg7 (4... Qb6 5. a3 a5 6. c5
$13 (6. Bb2 axb4 7. c5 Qb5 (7... Qxc5 $2 8. axb4 $18 {[%cal Ra1a8,Rb4c5]}) 8.
e3 Qa4 9. axb4 Qxd1+ 10. Kxd1 Rxa1 11. Bxa1 Bg7 $11)) 5. Bb2 d5 (5... O-O $5) (
5... d6 $5) 6. cxd5 cxd5 7. Bg2 Qb6 {[#] Nach meiner Meinung ist dieser Zug zu
aggressiv. Es wäre besser, zuerst die Entwicklung zu beenden.} (7... O-O $5) 8.
Nc3 {Weiß strebt nach schneller Entwicklung und opfert einen Bauern.} (8. a3
Ne4 {[%cal Rb6f2,Rg7b2]} 9. d4 O-O $11 {[%csl Rb2,Rc4] Der Läufer b2 ist
eingeschlossen und das Feld c4 schwach.}) 8... O-O $11 {Schwarz besitzt eine
bequeme Stellung ohne Entwicklungsprobleme.} (8... Qxb4 9. Nxd5 Qxb2 (9... Nxd5
10. Bxg7 $14) 10. Nc7+ Kd8 11. Nxa8 b6 12. Rb1 Qa3 (12... Qxa2 13. Ra1 Qb2 14.
Rxa7 $16) 13. Qc2 $16) 9. a3 (9. Qb3 $5) 9... Ne4 (9... Nc6) 10. e3 (10. O-O
Nxc3 11. dxc3 {[%csl Rb2,Gg7][%cal Gg7a1]} (11. Bxc3 d4 12. Bb2 Nc6 $36)) 10...
Nxc3 11. Bxc3 Bf5 (11... Bxc3 12. dxc3 Rd8 13. O-O Nc6 $11) 12. Bxg7 Kxg7 13.
Qb3 Be4 (13... Rd8) 14. d3 Qf6 {[%cal Rf6a1,Re4f3,Rf6f3]} 15. Ke2 Bxf3+ 16.
Bxf3 e6 {Weiß hat Läufer gegen Springer, kann aber leider seinen Läufer wegen
des schwarzen Bollwerks e6/d5 nicht aktivieren.} 17. Rac1 Nc6 18. Qc3 d4 $6 {
Dieser Zug ist scheinbar aktiv, aber aus prizipiellem Grund nicht gut. Schwarz
öffnet dem weißen Läufer die lange Diagonale.} (18... Qxc3 19. Rxc3 Rac8 $11)
19. Qa1 e5 {[%csl Gf3][%cal Gf3a8]} (19... Ne5 $2 20. Bxb7 $16) 20. Rc5 $14 {
[%csl Gc5,Gf3] Weiß hat einen kleinen Vorteil. Sein Läufer steht aktiv und er
kann durch Turmverdoppelung in der c-Linie seine Stellung verbessern.} Rfd8 21.
Qc1 Rd6 {[%csl Gd3][%cal Ga8d8,Gd8d3]} 22. e4 {Nach diesem Zug ist die
Diagonale des Läufers geschlossen, aber Schwarz erlangt kein Spiel in der
d-Linie.} Qe7 23. h4 $36 a6 (23... h5 24. Bg2 $5 {[%cal Gg2h3,Gh3c8] und Weiß
kann mit späterem f2-f4 die Stellung öffnen.} (24. g4 $6 hxg4 25. Bxg4 Rh8 26.
h5 $13)) 24. h5 {[%csl Rg7,Gh5] Die drohende Öffnung der h-Linie ist
unangenehm für Schwarz.} g5 25. Bg4 {[%csl Gg4][%cal Gg4c8] Der Läufer steht
wieder gut.} h6 {[%csl Yf5] Schwarz hat eine geschwächte Bauernstellung,
insbesondere das schwache Feld f5.} 26. Bf5 {[%csl Gf5]} Qd8 27. Qd2 Qb6 28.
Rhc1 Re8 29. Kf1 {Ein guter prophylaktischer Zug. Weiß verbessert seine
Königsstellung, während Schwarz nur abwarten kann.} Re7 30. Kg2 Rd8 31. Qc2 Rd6
32. Rd5 Na7 {[%csl Yc3][%cal Ga7b5,Gb5c3]} (32... Rxd5 33. exd5 Na7 34. a4 {
Und mit Zugumstellung haben wir die Partiefortsetzung.}) 33. a4 $5 {Durch das
Bauernopfer verhindert Weiß das mögliche Springermanöver 33...Nb5 und 34...Nc3.
} Rxd5 $6 (33... Qxb4 34. Qc5 (34. Rb1 Rc6 $15) 34... Qxc5 35. Rcxc5 $44) 34.
exd5 {[%csl Gd5,Gf5]} Qxb4 35. Qc5 Qxc5 36. Rxc5 $44 {Schwarz hat einen
Mehrbauern, aber der weiße d-Bauer, unterstützt vom Läufer, ist gefährlich.}
Kf6 (36... b6 37. d6 Rb7 (37... Re8 38. Rc7 {[%csl Ra7][%cal Rc7a7]} Kf6 39. g4
$18) (37... bxc5 38. dxe7 $18 {[%cal Re7e8] mit Verwandlung.}) 38. Rc7 Rxc7 39.
dxc7 $18 {[%cal Rc7c8]}) 37. g4 {[%csl Ra7,Gc5,Gd5,Gf5]} e4 {Schwarz gibt
seinen Mehrbauern zurück, möchte 38...Ke5 spielen.} 38. d6 {[%cal Gc5h5]} (38.
dxe4 $6 Ke5 {[%csl Ge5]}) (38. Bxe4 $6 Ke5 {[%csl Ge5]}) 38... Re8 39. Bxe4 Rd8
40. Bxb7 (40. Rc7 Nc8 {[%cal Rc8d6]} 41. Bxb7 Nxd6 42. Bxa6 $16) 40... Rxd6 41.
Rc7 {[%csl Ra7,Gb7,Gc7] Schwarz hat Schwerigkeiten mit dem Springer.} Re6 42.
Kf3 $22 a5 (42... Kg7 43. Bd5 {[%csl Ra7,Gc7,Gd5][%cal Rc7a7,Rc7f7,Rd5f7]} Rf6+
44. Ke4 $18) (42... Rd6 43. Ba8 {[%csl Ra7]}) 43. Bd5 Re7 44. Rc5 $1 {[%csl
Ra5,Ra7,Gc5,Gd5]} (44. Rxe7 Kxe7 45. Ke4 $16 {[%csl Rd4]}) 44... Re5 45. Rxa5
$16 Nc8 (45... Nc6 46. Ra6 Rxd5 47. Rxc6+ Kg7 48. Ke4 Ra5 49. Rc4 $18) 46. Ra6+
Ke7 (46... Kg7 47. Bc4 {[%csl Ga4][%cal Ga4a5,Ga5a6,Ga6a7,Ga7a8]}) 47. Bb3 (47.
Bc4 Nd6) 47... f5 48. Rxh6 {Weiß hat bereits zwei Bauern mehr und eine aktive
Stellung.} f4 49. Rh7+ Kd6 50. Rf7 {[%csl Ga4,Gh5] Weiß besitzt zwei
gefährliche entfernte Freibauern.} Ne7 51. Rf6+ Kd7 (51... Kc5 52. Re6 Rxe6 53.
Bxe6 $18) 52. Bf7 (52. h6 $18) 52... Ra5 53. h6 $18 Ra8 (53... Rxa4 54. h7 Ra8
55. Bg8 Rxg8 (55... Nxg8 56. h8=Q $18) 56. hxg8=Q Nxg8 57. Rg6 $18 {[%csl Rf4,
Rg5][%cal Rg6g8,Rg6g5]}) 54. a5 Nc6 55. Rf5 (55. Rxc6 Kxc6 56. h7 Rh8 57. Bg8
$18 {[%csl Rh8]}) 55... Kd6 56. h7 Rh8 57. Rd5+ Ke7 58. Bg8 {[%csl Rh8] Und
Schwarz gab in verlorener Stellung auf. Ribli.} 1-0

[Event "Bern op"]
[Site "Bern"]
[Date "1992.??.??"]
[Round "3"]
[White "Espig, Lutz"]
[Black "Panchenko, Alexander N"]
[Result "1/2-1/2"]
[WhiteElo "2415"]
[BlackElo "2460"]
[Annotator "Ribli,Z"]
[PlyCount "51"]
[EventDate "1992.02.??"]
[EventType "swiss"]
[EventRounds "9"]
[EventCountry "SUI"]
[SourceTitle "CBM 028"]
[Source "ChessBase"]
[SourceDate "1992.06.01"]
[SourceVersion "1"]
[SourceVersionDate "1992.06.01"]
[SourceQuality "1"]

1. Nf3 Nf6 2. c4 e6 3. g3 a6 4. Bg2 b5 5. b3 Bb7 6. O-O Be7 7. Bb2 O-O 8. Nc3
b4 9. Na4 d6 10. d4 Be4 (10... Nbd7 11. a3 $1 bxa3 12. Bxa3 Ra7 13. Ra2 Qa8 14.
Qa1 Ne4 15. Rd1 f5 16. Bb2 Ndf6 17. Nc3 Nxc3 18. Bxc3 $14 {Stangl,M-Galliamova,
A Oakham 1990 EXP/16}) (10... a5 $5 11. Rc1 Nbd7 12. Ne1 Bxg2 13. Nxg2 c5 14.
Ne3 Qc7 15. Qd3 $13 {Stangl,M-Aseev,K Brno-B 1991 CBM/26} (15. d5 $5) (15. Qc2
$5)) 11. a3 a5 12. Ne1 $1 Bxg2 13. Kxg2 d5 14. Qc2 bxa3 15. Bxa3 Bxa3 16. Rxa3
Nc6 17. e3 e5 18. dxe5 Nxe5 19. Nd3 $1 Nxd3 20. Qxd3 Qd6 21. Ra2 Qc6 22. Kg1
Rfd8 $6 (22... dxc4 23. Qxc4 Qxc4 24. bxc4 Rfb8 $10) 23. Rd1 $1 Rab8 24. Rc2
Qa8 25. Rcc1 Rd6 26. cxd5 $14 1/2-1/2

[Event "SCO-ch"]
[Site "Edinburgh"]
[Date "1999.07.20"]
[Round "5"]
[White "McNab, Colin Anderson"]
[Black "Rowson, Jonathan"]
[Result "1/2-1/2"]
[WhiteElo "2445"]
[BlackElo "2490"]
[Annotator "Rowson,J"]
[PlyCount "66"]
[EventDate "1999.07.16"]
[EventType "swiss"]
[EventRounds "9"]
[EventCountry "SCO"]
[SourceTitle "CBM 071 Extra"]
[Source "ChessBase"]
[SourceDate "1999.09.14"]
[SourceVersion "1"]
[SourceVersionDate "1999.09.14"]
[SourceQuality "1"]

1. Nf3 d5 2. g3 Nf6 3. Bg2 g6 {Writing "Understanding the Gruenfeld" helped me
to expand my repertiore in this way; quite useful against Colin who rarely
enters the critical main lines.} 4. b3 Bg7 5. Bb2 c5 6. e3 {This seems a
little dainty.} (6. c4 $5 d4 7. b4 {was much more to the point. Mabye I should
have played ...c5 and ...Nc6 before ...Bg7.}) 6... Nc6 7. O-O O-O 8. d4 $6 {
White may already be slightly worse after this.} (8. Ne5 $5 {playing it like
some sort of Queens Indian, seeems reasonable. Then there are pros and cons to
the bishop being on g2 rather than e2.} Nxe5 9. Bxe5 Bg4 $1 {makes most sense
of black's position. Here the position just looks equal.}) (8. d3 {intending
the ultra quiet Nd2 and Qe2 also looks preferable to the game continuation.})
8... cxd4 9. exd4 (9. Nxd4 Bg4 $1 {looks very comfortable for Black.}) 9... Bg4
10. Nbd2 Rc8 {My only gripe about my position is that I had taken about twenty
minutes to get here. Almost all my moves have been obvious so some sort of
chronic faffing was probably going on.} 11. a3 $6 {Colin is playing much too
passively and it's not surprising that Black can already instigate concrete
threats.} Ne4 $1 12. h3 {This looks like the only move.} (12. c3 {is too
embarassing to contemplate.} Nxd2 13. Qxd2 Na5 {This(position after 12.h3) is
a big moment; I have to decide between two promising continuations. The first
involves a change in the material balance, some calculation and (quite)
far-sighted evaluation. The second involves just keeping the tension and
trying to gauge whether my pressure will persist. I think I made the wrong
choice.}) 12... Bf5 (12... Nxd4 $5 13. Bxd4 Bxd4 14. hxg4 Bxa1 15. Qxa1 Nxd2 (
15... Rxc2 16. Nxe4 dxe4 17. Rd1 Qb6 18. Nd4 Rc7 19. Bxe4) 16. Nxd2 Rxc2 {
This position is virtually forced after 12...Nxd4; you can check the fairly
self-evident calculations for yourself. Now I had to decide whether the
advantage(assuming I have one; which on first impressions I seem to-White's
bishop is bad and my rooks will be active; good chances of exchanging queens)
I had here was a good transition from the one I had earlier, or whether it was
better to just keep the early pressure on with 12...Bf5. My main concern with
this line is that whenever I bolster my d5 pawn with ...e6 White can use his
annoying useful extra g-pawn to clamp me with g5. Also, there are sometimes
threats of the knight slowly or quickly coming to f6; dangerously "covered" by
the queen on a1. My feeling at the time was that these were probably just
ghosts and I should have some way of damping the residual initiative, forcing
the exchange of queens and winning the ending. However, I did feel there was
some risk so after my provisional assessement of "probably better for Black,
but need to calculate concrete lines at the end of the variation" I returned
to 12...Bf5 and asked if I wouldn't be more comfortable just making Colin
squirm with all the pieces on the board. I couldn't see a good answer to 12...
Bf5 but couldn't escape the feeling that I was missing a big chance that
wouldn't come again so I returned to the other line. In the final position the
move which most concerned me was} 17. Rd1 {because then it seemed to me that I
had to play} e6 {allowing} 18. Ne4 {Now had I been a bit more hardened and
self confident I would have foreseen that} ({..........So although I didn't
see it at the time,} 18. Bf1 $1 {intending to centralise the bishop on d3 thus
removing the rook and covering c2 looks like white's best resource. Then} Qg5
$5 (18... Qe7 19. Bd3 Rc7 {is just very comfortable for Black; there is no
rush to exchange Queens and White has no major kingside threats. Colin felt
such a position was clearly better for Black and what was particularly
instructive is that wheras I was worried about the clamping move g4-g5, Colin
pointed out that this was dangerous for White in the endgame because Black
could play ...f6! and gain an outside passed pawn to trouble the minor pieces.
When I asked "Are you sure?" Colin just politely reminded me that minor pieces
have difficulty dealing with rooks pawns. I would have been naturally more
inclined to play ...Kg7 and ...h6, keeping all my pawns intact; but I think
Colin's right; your best bet is to seperate the two minor pieces by creating
two un-connected passed pawns and then trying to demonstrate your rook's
superiority to both minor pieces rather than the two together. That's all a
bit distant from the game contintuation, but I hope you know what I'm on about.
It's such little details that can make a huge difference in judgement. In
general I seem to have a problem with transforming advantages.}) 19. Qd4 Rfc8 (
19... e5 $2 20. Nf3 $1) 20. Nf3 {doesn't seem great for Black, but}) 18... f5
$1 {to be followed by ...Qf6 keeps Black in total control, but having such a
cushy position earlier I was reluctant to compromise my position in this way.
However, I should have surmised that as long as the bishop on g2 is not
involved in White's attacking ideas, I can easily deal with the immediate
threats.}) 13. g4 $1 {This ugly move was born of necessity. Otherwise ...Qb6
happens next and White's in under all sorts of pressure. I guess I should have
seen this resource really, because there's nothing else for White and although
it is a very weakening move, white's king is quite well fortified by pieces.}
Nxd2 14. Nxd2 Be6 15. Nf3 Qd6 {Black is still at least slightly better due to
the weaknesses on f4 and c2 and the passivity of the bishop on b2. Now my plan
was to double rooks on the c-file, play ...f6 and ...Bf7 with the ostensive
threat of ...e5 but the real idea of ...Nd8-e6-f4. It turns out that White's
position is quite resourceful however, and Colin played the rest of the game
very well.} 16. Re1 Rc7 17. Re2 $1 {Laterally defending c2 and preparing to
double on the e-file with pressure on e6 and e7.} Rfc8 18. Qd3 f6 $6 {This was
a bit automatic and inattentive to my opponent's intentions. Colin felt I had
playe these moves(...f6, ...Nd8 and ...Bf7) in the wrong order but he had
missed that my concern with} (18... Nd8 {was} 19. a4 $1 {intending Ba3 to
seriously mess up my co-ordination.}) (18... a6 $5 {is a plausible improvement
though; trying to clamp the queenside before anything else. then} 19. Nd2 $5 {
intending to bring the knight to e3 and angling at an eventual f4 looks
playable for White, though I suspect I retain some advantage.}) 19. Nd2 $1 {
ouch! This move really highlights everything that is awkward about my position
and sets up a whole host of tricks. It's a very quick turn-around, and I think
I am no longer better.} Bf7 $1 {A sober retreat; I realised that the following
space gain was double-edged because it's difficult to restrain my ...e5
counter-punch.} (19... Na5 $2 20. Qb5 $1 {intending Rxe6 is winning.}) (19...
Bh6 20. c4 Bxd2 21. Rxe6 {winning.}) (19... Nd8 20. c4 dxc4 21. bxc4 Bxc4 22.
Nxc4 Rxc4 {leaves me horrendously weak on the light squares and} 23. Rxe7 $5 {
is already possible if White so wishes.} (23. d5 $5)) 20. c4 e6 21. c5 Qf4 $1 {
I needed this move; if White could play ...f4 he would definitely be better
(space advantage on both sides of the board).} 22. Nf3 Re7 23. Rae1 Rce8 24. b4
a6 25. g5 $1 {Effectively bailing out but sensibly so; ...g5 may be an idea
but ...Qc7 intending ...e5 is a more serious one(I need to retreat first
otherwise Bc1 traps the queen).} fxg5 {###DRAW AGREED### The draw offer may
look premature(especially since Colin had around six minutes) but I felt the
following seuqence was forced and I wasn't totally sure that I wasn't worse in
the final position.} 26. Bc1 Qf5 27. Qxf5 exf5 (27... gxf5 28. Bxg5 Rd7 29. Rd2
Bh5 30. Ne5 {is probably a bit better for White; more space and the potential
passed pawn is more difficult to blockade.}) 28. Rxe7 Rxe7 29. Rxe7 Nxe7 30.
Bxg5 Nc6 (30... Kf8 31. Bf4 $5 Nc6 32. Bd6+ Ke8 33. Ne5) 31. Be3 f4 32. Bxf4
Nxd4 33. Nxd4 Bxd4 {I think I'm absolutely fine at the end but I wasn't
certain at the time and since these last eight moves would probably have
flashed by in a few seconds it's not inconceivable that if Colin's renowned
endgame insight did tell him he was slightly better he may have thought twice
about the draw. Certainly, if White's kingside pawns weren't crooked I think
White can claim some niggle because Black can never really move the d-pawn due
to the weakness of b7. However, the kingside weaknesses means that White will
be slow to centralise his king.} 1/2-1/2

[Event "Hoogovens-B"]
[Site "Wijk aan Zee"]
[Date "1996.01.27"]
[Round "10"]
[White "Gretarsson, Helgi Ass"]
[Black "Van de Mortel, Jan"]
[Result "1-0"]
[WhiteElo "2450"]
[BlackElo "2315"]
[Annotator "Schlosser,P"]
[PlyCount "123"]
[EventDate "1996.01.16"]
[EventType "tourn"]
[EventRounds "11"]
[EventCountry "NED"]
[EventCategory "10"]
[SourceTitle "CBM 052"]
[Source "ChessBase"]
[SourceDate "1996.06.01"]
[SourceVersion "1"]
[SourceVersionDate "1996.06.01"]
[SourceQuality "1"]

1. b3 c5 2. Bb2 Nc6 3. e3 Nf6 4. Nf3 g6 5. Bxf6 $5 {Zunächst strebte Klaus
Bischoff diesen Abtausch nur gegen Computer an, da diese seines Erachtens
Stellungen mit Doppelbauern nicht verstehen. Als er später besonders nach f5
oder g6 auch gegen Menschen damit experimentierte, war er nicht weniger
erfolgreich. Allerdings wartet Klaus vorher mit der Entwicklung seines
Königsspringers, da dieser oft auf e2 besser steht.} exf6 6. c4 Bg7 7. Nc3 f5
8. g3 O-O 9. Bg2 Ne7 10. Rc1 d5 11. cxd5 Nxd5 12. Nxd5 Qxd5 13. O-O Qd6 14. Qc2
b6 15. d4 Ba6 16. Rfd1 Rfd8 17. dxc5 Qxc5 18. Qxc5 bxc5 19. Nd2 Rac8 20. Nc4
Bxc4 21. bxc4 {Wie die Eröffnungsidee ist auch diese Stellung von
prinzipiellem Interesse: Im Gegensatz zum schwarzen Läufer verfügt der weiße
über einen starken Stützpunkt auf d5. Wenn er zudem seinen Turm auf der
b-Linie aktivieren kann, hat Weiß trotz der ungleichfarbigen Läufer beste
Gewinnchancen, da er neben f7 auch auf die Schwächen a7 und c5 spielen kann.}
Kf8 (21... Rxd1+ 22. Rxd1 Rb8 23. Bc6 (23. Rd7 $2 Rb1+ 24. Bf1 Bc3 25. Rxa7 Be1
$132) 23... Rc8 24. Bb7 Rc7 25. Rd8+ Bf8 26. Bd5 $16) 22. Rxd8+ Rxd8 23. Rb1
Rd2 24. Rb8+ {Die von Gretarsson gewählte Fortsetzung ist solider als der
Schlagabtausch nach 24.Ld5, der Weiß zwar einen Mehrbauern Schwarz jedoch
Gegenspiel in Form eines Freibauern verspricht.} Ke7 25. Rb7+ Rd7 26. Rb5 Rc7
27. Bd5 Be5 28. Kf1 h5 29. h4 Bc3 30. a3 Kf6 31. Ke2 Ke7 32. Kd1 Ke8 33. Rb1
Ke7 34. Kc2 Ba5 35. Kb3 Bd2 36. Rd1 Ba5 37. Ka4 Bc3 38. Kb5 Bb2 39. Rd3 Be5 40.
Ka6 {Zielstrebig hat sich der König zu der Schwäche a7 durchgeschlagen, die
aufgrund der Existenz des Bauernpaars c4/c5 nicht vom schwarzen Läufer zu
verteidigen ist} Rd7 41. Rb3 Rxd5 {Ein interessanter, aber unzureichender
Rettungsversuch!} 42. cxd5 Kd6 43. Kxa7 c4 44. Rb1 Kxd5 45. a4 c3 46. a5 Kc4
47. a6 Bd6 48. Kb7 Bc5 49. a7 Bxa7 50. Kxa7 Kd3 51. Kb6 c2 52. Ra1 Ke2 53. f4
Kxe3 54. Kc5 Kf2 55. Kd4 Kxg3 56. Ke3 g5 57. hxg5 h4 58. Rg1+ Kh2 59. Kf2 h3
60. Rc1 f6 61. Rxc2 fxg5 62. fxg5 1-0

[Event "Biel"]
[Site "Biel"]
[Date "1992.??.??"]
[Round "14"]
[White "Shirov, Alexei"]
[Black "Lautier, Joel"]
[Result "1/2-1/2"]
[WhiteElo "2710"]
[BlackElo "2580"]
[Annotator "Shirov,A"]
[PlyCount "80"]
[EventDate "1992.07.??"]
[EventType "tourn"]
[EventRounds "14"]
[EventCountry "SUI"]
[EventCategory "16"]
[SourceTitle "CBM 031"]
[Source "ChessBase"]
[SourceDate "1992.12.01"]
[SourceVersion "1"]
[SourceVersionDate "1992.12.01"]
[SourceQuality "1"]

1. Nf3 Nf6 2. g3 b6 3. Bg2 Bb7 4. O-O e6 5. d3 d5 6. Nbd2 Be7 (6... Nbd7 $5 {
Karpov}) 7. e4 dxe4 (7... c5 $13) 8. dxe4 $1 (8. Ng5 $10) 8... O-O (8... Nxe4
$4 9. Ne5 Nd6 10. Bxb7 Nxb7 11. Qf3 $18) 9. Qe2 Qc8 10. e5 $14 Nfd7 11. Ne4 Na6
12. Bg5 Re8 13. Bxe7 Rxe7 14. Rad1 (14. Rfd1 $1 Nac5 (14... Nb4 15. a3 Nc6 16.
Nc3 a5 17. Rd2 Nc5 18. Rad1 $16) 15. Nxc5 Nxc5 16. Nd4 $1 Bxg2 17. Kxg2 Qe8 (
17... Qb7+ 18. Qf3 Qxf3+ 19. Kxf3 $16 {/\ Nc6}) (17... c6 18. Rd2 $16) 18. b4
Nb7 19. Qf3 c5 20. Nc6 Rc7 21. b5 Na5 (21... Nd8 $2 22. Ne7+ $18) (21... a6 22.
a4 axb5 23. axb5 Rxa1 24. Rxa1 $18) 22. Nxa5 bxa5 23. c4 $18 {Shirov}) 14...
Nac5 15. Nxc5 Nxc5 16. Nd4 Qe8 (16... Bxg2 17. Kxg2 Qb7+ 18. Qf3 Qxf3+ 19. Kxf3
{/\ Nc6+/-}) 17. b4 Bxg2 18. Kxg2 Nb7 19. Qf3 (19. b5 Na5 $14) 19... c5 $1 20.
Nc6 Rc7 21. b5 a6 22. a4 axb5 23. axb5 Na5 24. Nxa5 (24. Rd6 Nxc6 25. Rxc6 Rxc6
26. Qxc6 Qxc6+ 27. bxc6 Rc8 28. Rd1 Kf8 $10) 24... Rxa5 25. c4 Ra4 26. Ra1 (26.
Rd6 Rxc4 27. Rxb6 (27. Ra1 Rd4 28. Ra8 Rc8 29. Ra7 (29. Rxc8 Qxc8 30. Qc6 Qb8)
29... Rd8) 27... Rd4 $5 $14) 26... Rca7 27. Rxa4 Rxa4 28. Rd1 $14 h6 (28...
Rxc4 $4 29. Ra1 $18) 29. Qc6 Qb8 30. f4 g6 (30... Rxc4 $2 31. Ra1 Kh7 32. Ra8
$18) 31. Kh3 Ra7 (31... Rxc4 $2 32. Ra1 $18) 32. Rd6 Ra4 33. Kg4 Kf8 (33...
Rxc4 $2 34. Rxe6 fxe6 35. Qxe6+ Kg7 36. Qxc4) 34. Rd7 Ra7 (34... Rxc4 $2 35.
Rc7 Kg7 36. Rc8 Qa7 37. Qe8 $18) 35. h4 Rxd7 36. Qxd7 Kg7 (36... h5+ $2 37. Kg5
$1 {/\ Kf6+-} Kg7 38. Qe7) 37. h5 gxh5+ 38. Kxh5 Qa8 39. Qc6 Qa3 40. Kh4 Qc1
1/2-1/2